000 00426nam a2200157Ia 4500
999 _c14252
_d14252
003 OSt
008 260210s9999 xx 000 0 und d
020 _a9781940743158
082 _a720.47
100 _aKen Yeang and Shireen Jahnkassim
245 0 _aConstructed Ecosystems: Ideas and Subsystems in the Work of Ken Yeang
260 _bApplied Research & Design
260 _c2016
300 _a194 pages
942 _cUG
_2ddc